تصو ف کا ا يک ا جما لی جا ءز ہ (Record no. 169719)

MARC details
000 -LEADER
fixed length control field 00696nam a22001937a 4500
005 - DATE AND TIME OF LATEST TRANSACTION
control field 20191202112136.0
010 ## - LCCN (DPL NO)
LC control number UR-10640
020 ## - INTERNATIONAL STANDARD BOOK NUMBER
Terms of availability 300.00
International Standard Book Number 9789389358773
035 ## - SYSTEM CONTROL NUMBER
System control number U-9195
037 ## - SOURCE OF ACQUISITION
Source of stock number/acquisition DBAD/PUB
Stock number -
082 ## - DEWEY DECIMAL CLASSIFICATION NUMBER
Classification number 270
100 ## - MAIN ENTRY--PERSONAL NAME
Personal name محمد عا لم قا سمی
245 ## - TITLE STATEMENT
Title تصو ف کا ا يک ا جما لی جا ءز ہ
Statement of responsibility, etc محمد عا لم قا سمی
246 ## - VARYING FORM OF TITLE
Remainder of title Tasawwuf Ka Ek Ijmali Jaeza (Urdu)
Title proper/short title by Moulana Mohd. Alam Qasmi
260 ## - PUBLICATION, DISTRIBUTION, ETC. (IMPRINT)
Place of publication, distribution, etc Delhi
Name of publisher, distributor, etc Educational Publishing House
Date of publication, distribution, etc 2019 ء
270 ## - ADDRESS
Address 3191,Vakil Street, Kucha Pandit,Lal Kuan,
City Delhi
Postal code 110006
Telephone number 01123216162
Fax number -
300 ## - PHYSICAL DESCRIPTION
Extent 174 ص
Dimensions 22 Cm(Hb)
942 ## - ADDED ENTRY ELEMENTS (KOHA)
Source of classification or shelving scheme Dewey Decimal Classification
Item type Urdu Bks
Classification part 270
Call number suffix ق ا س
Holdings
Withdrawn status Lost status Not for loan Collection code Home library Current library Date acquired Source of acquisition Cost, normal purchase price Full call number Barcode Copy number Cost, replacement price Koha item type
    Not For Loan Non-fiction D.B.Act.Division D.B.Act.Division 02/12/2019 DBAD/PUB 300.00 270 ق ا س U-9195 1 300.00 Urdu Bks

© Delhi Public Library
Hit Counter
free hit counter